000
00221nam a22000857a 4500
008
170220b xxu||||| |||| 00| 0 eng d
100
_9
2919
_a
CBSE
245
_a
S.A.S. Q.P. 2010-2011 Mathematics
260
_a
New Delhi
_b
CBSE
_c
2010
999
_c
6162
_d
6162